Estatísticas para Todas as músicas do Matuê

Clique aqui para jogar o quiz

Estatísticas Gerais

  • Esse quiz foi jogado 261 vezes
  • A pontuação média é 22 de 39

Estatísticas das Respostas

AlbumMúsica% Correto
Máquina do TempoMáquina do Tempo
95%
Single (Ft. Teto e WIU)Vampiro
91%
Máquina do Tempo777666
82%
Máquina do TempoGorilla Roxo
82%
Single (Ft. Teto)M4
81%
SingleAnos Luz
77%
Máquina do TempoCogulândia
74%
Máquina do TempoAntes
73%
Single (Ft. Hariel, Negra Li, Ducon, Kevin O Chris, Chris, DK e VitãoCéu Azul - Poesia Acústica 7
73%
Máquina do TempoÉ Sal
72%
Single (Ft. Xamã)Luxúria
72%
SingleA Morte do Autotune
71%
SingleKenny G
71%
Single (Ft. Doode e Teto)Groupies
67%
Single (Ft. Predella)Banco
66%
Single (Ft. Wiu)Mantém
66%
Single (Ft. L7NNON)Sem Dó
64%
SingleQuer Voar
62%
Máquina do TempoVem Chapar
59%
Single (Ft. Knust e Chris MC)De Peça em Peça
58%
Single (Ft. Derek)Urubus
56%
A Coleção (Propaganda)Lugar Distante
55%
SingleQuem Manda É a 30
55%
SingleLama no Copo
52%
SingleBoomzim
46%
SingleCeline
46%
Single (Ft. Real e Dada Yute)Aquarela Luz
42%
Single (Luccas Carlos e IssoQueÉSomDeRap)3am
41%
SingleRBN
41%
SingleDe Alta
38%
Single (Ft. Raonir Braz)100 Placas
37%
SingleH.O.R.T.A
36%
Single (WC, Nego do Borel, Kevin o Chris e Cacife ClandestinoSensacional
34%
Single (Ft. Zetre)Fazendeiro
33%
Single (Ft. Nego do Borel)Princesa
32%
Single (Ft. IZA e Tropkillaz)Quem Mandou Chamar
32%
Single (Ft. Logri e Apollo 808)Outro Plano
29%
Single (Ft. Emicida e Drik Barbosa)Sobe Junto
29%
Single (Ft. Rajado)30g
21%

Distribuição das Pontuações

Percentil de Números Respondidos

Porcentagem de Pessoas com Cada Pontuação

Sua Pontuação Histórica

Você não jogou esse quiz